00402nam a2200133 a 450008200170000010000380001724500390005526000490009430000080014350000350015150500170018665000270020370000380023000a297.297bMOH aMohammadan Tracts And, Book Depot aMr. Sell on Islam and Other Tracts aLahorebMuhammadan Tracts & Book Depotc0000 a97p aincludes index and biblioraphy2 aIndex, Illus aIslam-Apologetic Works1 aMohammadan Tracts And, Book Depot